MARC

LEADER 00000nam0a2200000 4500
001 63834
005 20231031065014.0
035 |a (RuTPU)RU\TPU\book\67735 
090 |a 63834 
100 |a 20040520d2005 m y0rusy50 ca 
101 0 |a rus 
102 |a RU 
105 |a y j 000zy 
200 1 |a Региональная и национальная безопасность  |e хрестоматия  |f А. П. Силаев  |g Томский политехнический университет 
210 |a Томск  |c Изд-во ТПУ  |d 2005 
215 |a 99 с. 
225 1 |a Учебники Томского политехнического университета 
610 1 |a политика 
610 1 |a экономика 
610 1 |a региональная безопасность 
610 1 |a региональная политика 
610 1 |a региональная экономика 
610 1 |a национальная безопасность 
610 1 |a Россия 
610 1 |a коллективная безопасность 
610 1 |a Азиатско-тихоокеанский регион 
610 1 |a хрестоматии 
610 1 |a учебные пособия 
686 |a Ф3(2)3я73  |v LBC/SL-A  |2 rubbk 
686 |a У9(2)0-98я73  |v LBC/SL-A  |2 rubbk 
700 1 |a Силаев  |b А. П.  |g Анатолий Петрович 
712 0 2 |a Томский политехнический университет  |2 stltpush  |3 (RuTPU)RU\TPU\col\376 
801 1 |a RU  |b 63413507  |c 20040520  |g PSBO 
801 2 |a RU  |b 63413507  |c 20181208  |g PSBO 
900 |a Современные международные отношения 
900 |a Региональная и национальная безопасность 
942 |c BK